Score 0/26 Timer 02:00
0 Plays Today
Theme Song Missing Word % Correct
I'll Be ____ for YouThere
91.8%
Where Everybody Knows Your ____Name
88.5%
Woke Up This ____Morning
86.3%
Thank You for ____ a FriendBeing
85.5%
Those Were the ____Days
85.2%
Making Our ____ Come TrueDreams
84.5%
____ BoysBad
79.3%
As ____ as We Got Each OtherLong
76.9%
____ Is All AroundLove
74.3%
Good ____ BoysOl'
72.6%
____ on UpMovin'
69.5%
____ Are YouWho
67.8%
Love and ____Marriage
67.7%
Theme Song Missing Word % Correct
____ It or NotBelieve
59.1%
Everywhere You ____Look
57%
The Ballad of ____ ClampettJed
56.1%
We Used to Be ____Friends
50.4%
(I'm No) ____Superman
47.8%
Moon Over Parma/____ RocksCleveland
45.8%
Short Skirt/Long ____Jacket
36.5%
The Fishin' ____Hole
35.1%
Suicide Is ____Painless
33.4%
____ of MeBoss
24.7%
____ MeSave
23.8%
My ____Life
15.2%
The Unknown ____Stuntman
6.7%

Today's Daily Dose

Missing Word
'T' Pairs

Word Ladder
Game Pieces

Get the Picture
Baseball Movies

Remove Ads.
Support Sporcle.
Get the best of Sporcle when you Go Orange. This ad-free experience offers more features, more stats, and more fun while also helping to support Sporcle. Thank you for becoming a member.

You're not logged in!

Compare scores with friends on all Sporcle quizzes.
OR
Log In

Show Comments

Extras

Top Quizzes Today


Score Distribution

Your Account Isn't Verified!

In order to create a playlist on Sporcle, you need to verify the email address you used during registration. Go to your Sporcle Settings to finish the process.

Report this User

Report this user for behavior that violates our Community Guidelines.

Details: